000 00397nam a2200121 a 4500
008 120416s1980 xx |||||||||||||| || u
050 _aTD 461 Ozo
100 _aPastier, John
245 1 0 _aCesar Pelli
260 _c1980
350 _a0.00
995 _D0.00
_FCBU-MAIN LIBRARY (Kitwe)
_H1
_I0.00
_UAVAILABLE
_ZMain Library Open Access Collection
999 _c36981
_d36981